000 01078cas a22003017ar4500
005 20220329142305.0
008 000516d19951998mx fr pernn 0 b1spa d
010 _a81143
011 _a82115
022 _a0186-3231
035 _a92601
245 0 0 _aRevista Chapingo :
_bSerie Zootecnia
_c/por UACH. Dirección de Difusión Cultural. Departamento de Publicaciones
260 0 _aChapingo, Méx. :
_bUACH. Dirección de Difusión Cultural. Departamento de Publicaciones,
_c1995-1998.
300 _av.
310 _aRegular
362 _av.1 n.1, 1995
500 _aSe dejó de recibir a partir del v.1 n.1 de 1995.
590 _aBATCH-UPD
_b10
_c20130110
_lUCH01
_h0757
590 _aBATCH-UPD
_b10
_c20130410
_lUCH01
_h0436
590 _aBATCH-UPD
_b10
_c20130914
_lUCH01
_h1502
590 _aCONVERSION
_b10
_c20130109
_lUCH01
_h1345
650 1 4 _aGanadería
_xPublicaciones periódicas.
_944837
780 0 _tRevista Chapingo
785 0 _tRevista Chapingo : Serie Ingeniería Agropecuaria
866 _av.1 n.1 (1995)
901 _aSE
905 _aLilia Sánchez G.
999 _c81143
_d81143